00405nam a2200157Ia 450000500170000000800410001702000150005805000260007310000210009924500370012026000360015730000330019344000060022652100070023252600080023920140407103436.0140130s9999 xx 000 0 und d a0590265830 aPZ 7 b.M35672Fp 1995 aMarshall, James. cJames Marshall.aFox be nimble / bScholastic Inc.,cc1995.aUSA : a48 p. :bcol. ill. ;c23 cm. v1 aG1 c210